BIBLIOTECA

SENCICO
Vista normal Vista MARC

Entrada Título uniforme

Número de registros utilizados en: 16

001 - CONTROL NUMBER

  • control field: 63

003 - CONTROL NUMBER IDENTIFIER

  • control field: PE SENCICO BE

005 - DATE AND TIME OF LATEST TRANSACTION

  • control field: 20251114152756.0

008 - FIXED-LENGTH DATA ELEMENTS

  • fixed length control field: 251114|| aca||aabn | a|a d

040 ## - CATALOGING SOURCE

  • Original cataloging agency: PE SENCICO BE

130 1# - HEADING--UNIFORM TITLE

  • Uniform title: Biblioteca Técnica Universitaria